000 00520nam a2200193Ia 4500
001 21786
003 GE_BSU
008 181216s||||||||xx |||||||||||||| ||und||
040 _cGE_BSU
080 _aპერიოდიკა
245 _aParis Match, du 14 AU 20 Decembre. №3579. 2017
260 _aParis
260 _c2017
300 _a126 p. ill. 30 cm.
653 _aParis Match, du 14 AU 20 Decembre. №3579. 2017
653 _aПериодика
653 _aპერიოდიკა
942 _cCR
999 _c54719
_d54719